| Поле | Инд. | ПП | Название | Значение |
|---|---|---|---|---|
| Тип записи | a | |||
| Библиографический уровень | b | |||
| 001 | Контрольный номер | RU/IS/BASE/105018012 | ||
| 005 | Дата корректировки | 20200522190757.9 | ||
| 084 | a | Индекс другой классификации/Индекс ББК | 66.4(2Рос),9; 66.4(61) | |
| 100 | 1_ | a | Автор | Баранчук Н. А. |
| 245 | a | Заглавие | Тенденции развития ситуации в странах Магриба и национально-государственные интересы России | |
| 504 | a | Библиография | Библиогр. ссылки | |
| 650 | a | Основная рубрика | внешняя политика | |
| a | Основная рубрика | международные отношения | ||
| a | Основная рубрика | политика | ||
| 653 | a | Ключевые слова | Алжир | |
| a | Ключевые слова | внешнеполитические стратегии | ||
| a | Ключевые слова | военно-политическая ситуация | ||
| a | Ключевые слова | военные интересы | ||
| a | Ключевые слова | геополитическая ситуация | ||
| a | Ключевые слова | геополитические интересы | ||
| a | Ключевые слова | геополитическое положение | ||
| a | Ключевые слова | Европейский союз (ЕС) | ||
| a | Ключевые слова | Марокко | ||
| a | Ключевые слова | международная безопасность | ||
| a | Ключевые слова | международное сотрудничество | ||
| a | Ключевые слова | национально-государственные интересы | ||
| a | Ключевые слова | Россия | ||
| a | Ключевые слова | Северная Африка | ||
| a | Ключевые слова | Средиземноморье | ||
| a | Ключевые слова | страны ЕС | ||
| a | Ключевые слова | страны Магриба | ||
| a | Ключевые слова | США | ||
| a | Ключевые слова | Тунис | ||
| a | Ключевые слова | Черноморское экономическое сотрудничество (ЧЭС) | ||
| a | Ключевые слова | экономическое сотрудничество | ||
| 773 | t | Заглавие источника | Вестник Московского университета. Серия 18, Социология и политология | |
| d | Дата издания источника | 2003 | ||
| g | Прочая информация | № 1. - С. 42 - 57 | ||
| w | Контрольный № источника | RU/IS/BASE/103733045 | ||
| 901 | t | Тип документа | b |